000
00251nam a2200109Ia 4500
008
230907s9999||||xx |||||||||||||| ||und||
082
_a
621.042
_b
HUG
100
_a
Huggins, Robert A.
245
0
_a
Energy storage :
300
_a
pages cm
942
_c
BK
999
_c
597876
_d
597876